00475nam a2200145 a 4500082001200000100001900012245005100031260003000082300000900112520007200121650001400193942000800207999001300215952010100228 a543 RIN1 aRingbom,Anders10aComplexation in Analytical chemistry :vol.xvi aLondonbInterscincec1963 a386p aA series of monographs on Analytical Chemistry and its Applications achemistry cREF c329d329 0010708NFICaICbICcGENd2015-03-02l0o543 RINp001793r2015-03-02 00:00:00w2015-03-02yREF